The information edge : successful management using information technology.

Bibliographic Details
Main Author: Wilson
Format: Book
Published: London: Pitman Publishing, 1998.
Subjects:
LEADER 00453cam a2200145 7i4500
001 0000007587
005 20000510090000.0
020 0 0 |a 0273625845  
090 0 0 |a B 651.8   |b WIL 
100 1 0 |a Wilson  
245 1 4 |a The information edge :   |b successful management using information technology. 
260 0 0 |a London:   |b Pitman Publishing,   |c 1998. 
300 # # |a 322 p. 
650 0 0 |a Management --   |x Information technology  
999 |a B000011356  |b Book  |c Book  |e Business Information Centre